|
|
|
|
| LEADER |
01374cam a2200289 i 4500 |
| 001 |
17634306 |
| 003 |
GR-PaULI |
| 005 |
20210512091119.0 |
| 008 |
130222s2015 enka 001 0 eng |
| 952 |
|
|
|0 0
|1 0
|2 ddc
|4 0
|6 427_000000000000000_HIL
|7 0
|9 219454
|a LISP
|b LISP
|c BSC
|d 2018-01-31
|i 136480
|l 0
|o 427 HIL
|p 025000254774
|r 2018-01-31 00:00:00
|t 1
|v 2018.00
|w 2018-01-31
|y BK15
|
| 999 |
|
|
|c 132798
|d 132798
|
| 020 |
|
|
|a 9781107013483 (σκληρό εξώφυλλο)
|
| 020 |
|
|
|a 9781107552074 (χαρτόδετο)
|
| 040 |
|
|
|a DLC
|b gre
|c DLC
|e AACR2
|d DLC
|d GR-PaULI
|
| 082 |
0 |
0 |
|a 427
|2 23
|
| 100 |
1 |
|
|a Hilpert, Martin
|9 166948
|e συγγραφέας
|
| 245 |
1 |
0 |
|a Constructional change in English :
|b developments in allomorphy, word formation, and syntax /
|c Martin Hilpert.
|
| 260 |
|
|
|a Cambridge :
|b Cambridge University Press,
|c 2015.
|
| 300 |
|
|
|a xiv, 233 σ. :
|b εικ. ;
|c 24 εκ.
|
| 490 |
1 |
|
|a Studies in English language
|
| 500 |
|
|
|a Πρώτη χαρτόδετη έκδοση 2015.
|
| 504 |
|
|
|a Περιλαμβάνει βιβλιογραφικές παραπομπές (σ. 214-228) και ευρετήριο.
|
| 650 |
|
4 |
|a Αγγλική γλώσσα
|x Γραμματική
|9 1673
|
| 650 |
|
4 |
|a Γλωσσολογική αλλαγή
|9 44001
|
| 830 |
|
0 |
|9 166949
|a Studies in English language (Cambridge University Press)
|
| 942 |
|
|
|2 ddc
|c BK15
|
| 998 |
|
|
|c ΓΚΟΓΚΟΥ
|d 2018-01
|